000 00693nam a2200217Ii 4500
003 JO-AjNU
008 230605s9999||||xx |||||||||||||| ||und||
017 _a2004/12/1358
040 _aJO-AjNU
_bara
_erda
_cJO-AjNU
041 _aara
050 1 4 _aPJ7860 2006
100 3 _aتأليف عوض الله،بديع علي,
_eauthor
_911204
245 0 0 _aحب وفداء: ديوان شعر
250 _aط1
264 3 1 _aعمان:دار الإسراء للنشر والتوزيع،2006
300 _a88ص
336 _atext
_btxt
_2rdacontent
337 _aunmediated
_bn
_2rdamedia
338 _avolume
_bnc
_2rdacarrier
650 4 _aالشعر العربي - العصر الحديث
_911205
999 _aA2202
_c5770
_d5770